000 00417nam a22001337a 4500
999 _c16409
_d16409
008 170606b xxu||||| |||| 00| 0 eng d
020 _a9966031341
050 _aKQC99
_b.O59 2013 C.7
100 _aOnyango, Peter
245 _aAfrica customary law
_ban introduction
_cby Peter Onyango
260 _aNairobi
_bLawafrica
_c2013
300 _axvi,182 p.
942 _2lcc
_cBK
_hKQC 88 .O59 2013 C.1